Dream great dreams: (Record no. 13015)

000 -LEADER
fixed length control field 00551nam a2200181 a 4500
001 - CONTROL NUMBER
control field :::00010833$&:&@@
003 - CONTROL NUMBER IDENTIFIER
control field OkBaRHE
005 - DATE AND TIME OF LATEST TRANSACTION
control field 20000607103403.0
008 - FIXED-LENGTH DATA ELEMENTS--GENERAL INFORMATION
fixed length control field s1984 j 000 0 eng u
040 ## - CATALOGING SOURCE
Transcribing agency
100 1# - MAIN ENTRY--PERSONAL NAME
Personal name Palau, Luis.
245 10 - TITLE STATEMENT
Title Dream great dreams:
Remainder of title enlarge your vision of God.
260 ## - PUBLICATION, DISTRIBUTION, ETC. (IMPRINT)
Place of publication, distribution, etc Portland, OR., :
Name of publisher, distributor, etc Multnomah Press
Date of publication, distribution, etc c1984
300 ## - PHYSICAL DESCRIPTION
Extent 24 p. ;
Dimensions 18 cm.
650 ## - SUBJECT ADDED ENTRY--TOPICAL TERM
Topical term or geographic name as entry element Christian Life
942 ## - ADDED ENTRY ELEMENTS (KOHA)
Source of classification or shelving scheme
Koha item type Books
Copies
Permanent Location Shelving location Koha item type Damaged status Barcode Date acquired Source of classification or shelving scheme Not for loan Full call number Price effective from Withdrawn status Copy number Lost status Date last seen
RHEMA Bible Training CollegeGeneral StacksBooks 108332010-04-14  BV 4501.2 .P32010-04-14 1 2011-11-01